| 000 | 01673nam a2200505 i 4500 | ||
|---|---|---|---|
| 001 | 34113 | ||
| 003 | KOSZ 005 | ||
| 005 | 20200210094005.0 | ||
| 008 | 970510s1993 pl a f f |000 0 pol | ||
| 015 | _aPB 1994/9302 | ||
| 020 | _a8385708073 | ||
| 035 | _a991000668059705066 | ||
| 035 | _a(PL-WaBN)b10219195-48omnis_nlop | ||
| 035 | _ab10219195 | ||
| 035 | _a(OCoLC)834023868 | ||
| 035 | _a(PL)b0000001021919 | ||
| 035 | _a(EXLNZ-48OMNIS_NETWORK)9910237085605606 | ||
| 040 |
_aWA N _cWA N _dKOSZ 005/HR |
||
| 041 | 0 |
_apol _beng |
|
| 046 | _k1993 | ||
| 080 | _a627.52/.53 | ||
| 080 | _a(075.8) | ||
| 245 | 0 | 0 |
_aOchrona brzegów morskich / _cTadeusz Basiński [et al.]. |
| 260 |
_aGdańsk : _bInstytut Budownictwa Wodnego Polskiej Akademii Nauk, _c1993. |
||
| 300 |
_a536 s. : _bfot., rys., wykr. ; _c24 cm. |
||
| 336 |
_2rdacontent _aTekst _btxt |
||
| 337 |
_2rdamedia _aBez urządzenia pośredniczącego _bn |
||
| 338 |
_2rdacarrier _aWolumin _bnc |
||
| 380 | _aKsiążki | ||
| 380 | _aPublikacje dydaktyczne | ||
| 385 |
_mPoziom nauczania _aSzkoły wyższe |
||
| 388 | _a1901-2000 | ||
| 388 | _a1989-2000 | ||
| 490 | 1 |
_aBiblioteka Naukowa Hydrotechnika, _x0554-5706 ; _vnr 17 |
|
| 504 | _aBibliogr. s. 512-536. | ||
| 650 | 7 |
_aBrzegi morskie _2DBN |
|
| 650 | 7 | _aHydrotechnika | |
| 655 | 7 |
_aPodręczniki akademickie _2DBN |
|
| 658 | _aInżynieria i technika | ||
| 700 | 1 |
_aBasiński, Tadeusz _eAutor |
|
| 830 | 0 |
_aBiblioteka Naukowa Hydrotechnika _vnr 17 |
|
| 856 |
_uhttp://koha.tu.koszalin.pl/cgi-bin/koha/opac-detail.pl?biblionumber=34113 _yKatalog online BPK |
||
| 942 |
_2UKD _cKS |
||
| 999 |
_c34113 _d34113 |
||